000 00614nam a2200205Ia 4500
003 GCL
008 140319s9999 xx 000 0 ara d
040 _aGCL /
_cGCL
082 0 4 _aط
_b813.0872
_bم ا
100 1 _aمجدى صابر
245 1 0 _aعملية سفنكس /
_cمجدى صابر
260 _a[S.N] :
_bميدلايت المحدودة ،
_c1992
300 _a143 ص
490 _aادارة البوليس النسائى الكوبرا
_v0
650 0 4 _aالاطفال
650 0 4 _aالقصص البوليسية
650 0 4 _aالقصص
650 0 4 _aقصص الاطفال
942 _2ddc
_cBK
999 _c58131
_d58131